000 00418nam a2200169Ia 4500
008 131103s9999 xx 000 0 und d
040 _aLoreto College
041 _aEnglish
082 _aMIS/LEW
_bLCBED/10140
100 _aLewis, Hedwig
245 _aHow to study
_cHedwig Lewis
260 _aIndia
_bGujarat sahitya
_c1985
300 _a251p.
_c 23cm.
650 _aMis
850 _aLCBED/MIS/LEW
942 _cBK
999 _c34308
_d84787